Statistiques concernant Départements français sur une fresque murale

Cliquez ici pour prendre le quiz!

Statistiques générales

  • Ce quiz a été pris 107 fois
  • Le résultat moyen est 9 sur 15

Réponses sur la Carte

Les réponses sont colorées sur une échelle allant du rouge au vert en fonction du pourcentage des utilisateurs qui les ont devinées à leur premier essai. Vous pouvez retrouver ces pourcentages ci-dessous.
 

Statistiques - réponses

Départements% Correct
Finistère
87%
Martinique
87%
Seine-Maritime
74%
La Réunion
66%
Paris
66%
Mayotte
64%
Hauts-de-Seine
60%
Val-D'Oise
58%
Charente-Maritime
54%
Bouches-du-Rhône
52%
Manche
51%
Sarthe
51%
Calvados
49%
Territoire de Belfort
47%
Corse-du-Sud
35%

Distribution des résultats

Percentile par nombre de réponses

% des personnes avec chaque résultat

Votre développement - résultats

Vous n’avez pas pris ce quiz